| 000 | 00774cam a22002533a 4500 | ||
|---|---|---|---|
| 001 | 5084 | ||
| 003 | PGUSA | ||
| 005 | 20140828083113.0 | ||
| 008 | 040201s2004||||xxu|||||s|||||000 | eng d | ||
| 040 |
_aPGUSA _beng |
||
| 042 | _adc | ||
| 050 | 4 | _aQH | |
| 100 | 1 |
_aHuxley, Thomas Henry, _d1825-1895 |
|
| 245 | 1 | 0 |
_aLife and Letters of Thomas Henry Huxley — Volume 1 _h[electronic resource] / _cThomas Henry Huxley |
| 260 |
_bProject Gutenberg, _c2004 |
||
| 506 | _aPublic domain in the USA. | ||
| 516 | _aElectronic text | ||
| 653 | _aNaturalists -- England -- Biography | ||
| 653 | _aHuxley, Thomas Henry, 1825-1895 | ||
| 700 | 1 |
_aHuxley, Leonard, _d1860-1933 |
|
| 830 | 0 |
_aProject Gutenberg _v5084 |
|
| 856 | 4 | 0 | _uhttp://www.gutenberg.org/ebooks/5084 |
| 942 | _cEB | ||
| 999 |
_c234413 _d234413 |
||